El corsario negro / (Registro nro. 8499)

Detalles MARC
000 -LIDER
fixed length control field 01139nam a22003617a 4500
001 - NÚMERO DE CONTROL
Identificador de número de control 0074
003 - IDENTIFICACDOR DE NÚMERO DE CONTROL
control field DO-SdBNP
005 - DATE AND TIME OF LATEST TRANSACTION
control field 20180117131740.0
007 - CAMPOS FIJOS DE DESCRIPCIÓN FÍSICA
fixed length control field 0074
008 - ELEMENTOS DE LONGITUD FIJA
fixed length control field 151029b 1993 sp |||| |||| 00| 0 spa d
020 ## - ISBN
International Standard Book Number 8420749184
040 ## - FUENTE DE CATALOGACIÓN
Agencia que crea de manera original el registro BPMSU
Idioma de catalogación spa
Agencia que realiza la transcripción BPMSU
041 17 - CÓDIGOS DE OBRAS TRADUCIDAS O EN VARIOS IDIOMAS
Código del idioma del texto/archivo de sonido o separata spa
Cód. del idioma original y/o traducciones intermedias del texto
082 ## - NÚMERO DE CLASIFICACIÓN DECIMAL DE DEWEY
Classification number 853.8
Item number S164c
092 ## - LOCALLY ASSIGNED DEWEY DECIMAL CALL NUMBER
Número de clasificación
Número de ítem (Cutter)
100 10 - ASIENTO PRINCIPAL -- NOMBRE PERSONAL
Término de relación Salgari, Emilio,
Fechas asociadas con el nombre 1862-1911
240 ## - TITULO UNIFORME
Título uniforme Il corsaro nero
Idioma de una obra Español
245 13 - MENCIÓN DE TITULO
Título El corsario negro /
Mención de responsabilidad Emilio Salgari ; traducción José Luis Aja ; ilustración Giuseppe Gamba
260 ## - PUBLICACIÓN, DISTRIBUCIÓN, ETC. (PIE DE IMPRENTA)
Lugar de publicación, distribución, etc Madrid, España :
Nombre del editor, distribuidor, etc. Editorial Anaya,
Fecha de publicación, distribución, etc 1993.
300 ## - DESCRIPCIÓN FÍSICA
Extensión 318 p. :
Otros detalles físicos il.,
Dimensiones 21 cm.
490 10 - MENCIÓN DE SERIES
Mención de serie Tus libros
-- Aventuras :
500 ## - NOTA GENERAL
Nota general Incluye notas y referencias bibliográficas al pie de las páginas
504 ## - NOTA DE BIBLIOGRAFÍA, ETC.
Bibliography, etc Bibliografías : p. 311-318
650 ## - ENCABEZAMIENTO DE MATERIA--TEMÁTICO
Término temático o nombre geográfico como elemento de entrada NOVELA JUVENIL ITALIANA
650 ## - ENCABEZAMIENTO DE MATERIA--TEMÁTICO
Término temático o nombre geográfico como elemento de entrada LITERATURA JUVENIL ITALIANA
700 10 - ASIENTO SECUNDARIO -- NOMBRE PERSONAL
Nombre personal Aja, José Luis,
Mención de responsabilidad tr.
700 10 - ASIENTO SECUNDARIO -- NOMBRE PERSONAL
Nombre personal Gamba, Giuseppe,
Mención de responsabilidad il.
830 ## - ASIENTO SECUNDARIO DE SERIE--TÍTULO UNIFORME
Título uniforme Tus libros
Nombre de la parte o sección de una obra Aventuras :
942 ## - ADDED ENTRY ELEMENTS (KOHA)
Source of classification or shelving scheme Dewey Decimal Classification
Koha item type Libros
945 ## - INFORMACIÓN DE PROCESAMIENTO LOCAL
Información de procesamiento local inventariado, 2018 / dg
956 ## - LOCAL ELECTRONIC LOCATION AND ACCESS (OCLC)
Nombre de host Brenda Tavárez
956 ## - LOCAL ELECTRONIC LOCATION AND ACCESS (OCLC)
Nombre de host VMATEO
Número de acceso 10
Información de compresión 20161121
Trayectoria BPMSU
Nombre Electrónico 0069
Existencias
Withdrawn status Lost status Source of classification or shelving scheme Damaged status Not for loan Collection code Home library Current library Date acquired Source of acquisition Total Checkouts Full call number Barcode Date last seen Price effective from Koha item type
    Dewey Decimal Classification     Colección Juvenil General Biblioteca Pública Metropolitana Salomé Ureña Biblioteca Pública Metropolitana Salomé Ureña 10/29/2015 Fundación Educativa y Cultural (FUNDI)   853.8 S164c BPMSU15100232 10/29/2015 10/29/2015 Libros